00389nam a2200157Ia 4500003000400000008004100004040001600045082001300061100001800074245003900092260003800131300001000169650001600179650002100195650001500216GCL140319s9999 xx 000 0 eng d aGCL / cGCL04a410bG D1 aGRUNDY, PETER10aDOING PRAGMATICS / cGRUNDY, PETER a[S.N] : bEDWARD ARNOLD ، c1995 a216 P04aLINGUISTICS04aENGLISH LANGUAGE04aPRAGMATICS